| 000 | 01026nam a2200289Ia 4500 | ||
|---|---|---|---|
| 008 | 130821s1987 sp gr spa | ||
| 020 | _a8473984714 | ||
| 040 |
_aCo-BoUCM _bspa |
||
| 041 | 0 | 0 | _aspa |
| 100 | 1 |
_aNicholas, Barry _9157285 |
|
| 245 | 1 | 0 |
_aIntroducción al derecho romano _cBarry Nicholas ; traducción de Miguel Angel Palacios Martínez |
| 260 |
_aMadrid (España) _bCivitas _c1987 |
||
| 300 | _a359 páginas | ||
| 490 | _aTratados y Manuales | ||
| 504 | _aIncluye bibliografía e índices | ||
| 650 | 0 | 4 |
_aDerecho romano _912827 |
| 650 | 0 | 4 |
_aDerecho romano _xHistoria _927933 |
| 650 | 0 | 4 |
_aHistoria _97695 |
| 650 | 0 | 4 |
_aObligaciones (Derecho romano) _920653 |
| 650 | 0 | 4 |
_aPersona (Derecho internacional) _921394 |
| 650 | 0 | 4 |
_aPropiedad (Derecho romano) _922578 |
| 650 | 0 | 4 |
_aSucesión (Derecho romano) _924910 |
| 700 | 1 |
_aPalacios Martínez, Miguel Angel. _eTr _9157286 |
|
| 765 | _tAn introduction to Roman Law | ||
| 942 |
_cLIBRO _a8 _e1 _mN42 _2DEWEY _h349.2 |
||
| 999 |
_c25822 _d25822 |
||